00885nam a2200253Ia 4500008004100000040001400041082002200055100004800077245002900125260004300154300001100197365002600208366000800234440005400242505002200296530003000318620003600348630002900384650001500413730002900428942000900457999001900466952014600485100315s9999 xx 000 0 und d cENGLISH  b8347 a338.521  a"Stigler, George J., Boulding, Kenneth E. " aReadings in Price Theory aCHICAGO bRichard D. Irwin  c1952  a568   eRupees d1 b0.00  f0  aThe series of Republished Articles on Economics  gVaibhav Gaikwad  bDonated By RBI Library   a"Political Economy, Economic " aReadings in Price Theory aECONOMIC  aReadings in Price Theory cBOOK c483082d483079 00103VI 4070aVPMBRIMSbVPMBRIMSd2009-05-10g0.00l0o338.521 /STI/BOU  8347 pVPMBRIMS-8347 r2010-03-19 00:00:00w2010-03-19yBOOK